| 000 | 00544nam a2200229Ia 4500 | ||
|---|---|---|---|
| 003 | 0100 | ||
| 008 | 130307s9999 xx 000 0 und d | ||
| 020 | _a039309040X | ||
| 040 | _cARRUPELIB | ||
| 050 | _aHX39.5.M374 1978 | ||
| 245 | 4 | _aThe Marx-Engels reader | |
| 250 | _a2nd ed. | ||
| 260 | _aNew York | ||
| 260 | _bW.W.Norton and company | ||
| 260 | _c1978 | ||
| 300 | _a788p. | ||
| 300 | _b21cm | ||
| 650 | _bZimbabwe -- Periodicals | ||
| 650 | _cZimbabwe -- History -- Periodicals | ||
| 700 | _aTucker, Robert C | ||
| 942 | 0 | 0 | _01 |
| 999 |
_c94593 _d94593 |
||